Aventuras histórico-novelescas de un viajero, relatadas por el mismo / (Record no. 22145)

MARC details
000 -LEADER
campo de control de longitud fija 00934nam a2200193 i 4500
001 - NÚMERO DE CONTROL
campo de control 22145
003 - IDENTIFICADOR DE NÚMERO DE CONTROL
campo de control ES-MaACL
005 - FECHA Y HORA DE LA ÚLTIMA TRANSACCIÓN
campo de control 20230906152630.0
007 - CAMPO FIJO DE DESCRIPCIÓN FÍSICA--INFORMACIÓN GENERAL
campo de control de longitud fija t|
008 - DATOS DE LONGITUD FIJA--INFORMACIÓN GENERAL
campo de control de longitud fija 021218s1859 sp ||||1| spa d
100 1# - ENTRADA PRINCIPAL--NOMBRE DE PERSONA
Nombre de persona Avecilla, Pablo Alonso de la.
9 (RLIN) 23996
245 10 - MENCIÓN DEL TÍTULO
Título Aventuras histórico-novelescas de un viajero, relatadas por el mismo /
Mención de responsabilidad, etc. [Pablo Alonso Avecilla].
260 ## - PUBLICACIÓN, DISTRIBUCIÓN, ETC.
Lugar de publicación, distribución, etc. Madrid :
Nombre del editor, distribuidor, etc. [s.n.],
Fecha de publicación, distribución, etc. 1859 (
Fabricante Imp. de Ayguals de Izco Hermanos)
300 ## - DESCRIPCIÓN FÍSICA
Extensión 636 p., [10 h. de grab. ;
Dimensiones 23 cm.
500 ## - NOTA GENERAL
Nota general Tit. tomado del "Boletín Bibliográfico Español" por Dionisio Hidalgo, tomo I, 224 (1860) y del "Catálogo de novelas y de novelistas españoles del siglo XIX" de J.I. Ferreras.
500 ## - NOTA GENERAL
Nota general Julio Cejador en su "Historia de la lengua y literatura castellana" atribuye esta obra a Pablo Alonso de la Avecilla.
500 ## - NOTA GENERAL
Nota general Las h. de grab. litogr.
852 ## - LOCALIZACIÓN
Ubicación ES-MaACL
Número de control de estantería C-2158
condición física . - Port. deteriorada afectando al tit.
Holdings
Estatus retirado Estado de pérdida Estado de daño No para préstamo Colección Biblioteca de origen Biblioteca actual Ubicación en estantería Fecha de adquisición Fuente de adquisición Total de préstamos Signatura topográfica completa Código de barras Visto por última vez Precio de reemplazo Tipo de ítem Koha
        Libros del s. XIX Biblioteca del Ateneo de Madrid Biblioteca del Ateneo de Madrid Sala Palomar 17/01/2008     C-2158 1022778 23/02/2023 23/02/2023 Libro impreso antiguo